000 00816 a2200241 4500
005 20251212170725.0
008 251212b |||||||| |||| 00| 0 eng d
020 _a9781509559039 (pbk)
037 _cTB
040 _aAL
_cAL
041 _2eng
_aeng
084 _aF:(D65,8(B)) R5
_qCRL
100 _aMadianou, Mirca
_9850623
245 _aTechncolonialism:
_bwhen technology for good is harmful
260 _aCambridge, UK:
_bPolity Press,
_c2025.
300 _avii, 248p.
365 _b24.95
_cUSD
650 _aComputer Science
_9856485
650 _aArtificial Intelligence
_9856486
650 _aTechnology
_9856487
942 _cTB
_2CC
_n0
_hF:(D65,8(B)) R5
999 _c1465214
_d1465214